| 000 | 00930nam a22002297a 4500 | ||
|---|---|---|---|
| 999 |
_c24041 _d24041 |
||
| 003 | NUST | ||
| 005 | 20170519104151.0 | ||
| 008 | 150928b xxu||||| |||| 00| 0 eng d | ||
| 020 | _a9814126462 | ||
| 040 |
_cRCMS _aDLC _bDLC |
||
| 082 | _a621.3822 HAY | ||
| 100 |
_911746 _aMonson H. Hayes |
||
| 245 |
_aStatistical digital signal processing and modeling _cMonson H. Hayes |
||
| 260 |
_ac.2002 _bJohn Wiley & Sons _c1996 |
||
| 300 |
_axv,608,p: _bill: _c25,cm, |
||
| 538 | _iShelf # 15, Row # 3, Communication. | ||
| 650 |
_911747 _aSignal processing--Digital techniques _xMIS |
||
| 856 | _3Table of Content Only | ||
| 942 |
_2ddc _cBK |
||